Cities in New York by picture - Statistics

General Stats
  • This quiz has been taken 21 times
  • The average score is 5 of 16
Answer Stats
Picture Answer % Correct
New York City
94%
Albany
89%
Buffalo
83%
Rochester
83%
Syracuse
83%
Yonkers
39%
Corning
6%
Gowanda
6%
Albion
0%
Attica
0%
Cortland
0%
Geneva
0%
Ogdensburg
0%
Plattsburgh
0%
Saranac Lake
0%
Tuckahoe
0%
No matching quizzes found
Score Distribution
Percent of People with Each Score
Percentile by Number Answered
Your Score History
You have not taken this quiz